| 000 | 00676nam a2200229 a 4500 | ||
|---|---|---|---|
| 001 | 19960 | ||
| 003 | CO-ViMGA | ||
| 008 | 141112s2004 ck r 000 u spa d | ||
| 020 | _a9580462399 | ||
| 040 |
_aCO-ViMGA _bspa _cCO-ViMGA |
||
| 082 | 0 | 4 | _a384.3 F835e |
| 100 | 1 |
_aFuentes Navarro, Raúl _928980 |
|
| 245 | 1 | 0 | _aEducación y telemática |
| 260 |
_aBogotá : _bNorma, _c2001 |
||
| 300 | _a125 p. | ||
| 490 | _aEnciclopedia Latinoaméricana de sociocultura y comunicación | ||
| 590 | _aForma de adquisición : Premio Mincultura | ||
| 650 | 1 | 4 |
_aeducación - COMPUTADOR _928981 |
| 650 | 1 | 4 |
_aTELECOMUNICACIONES _98603 |
| 650 | 1 | 4 |
_aTELEMATICA _928982 |
| 942 |
_2ddc _cBK |
||
| 999 |
_c29080 _d29080 |
||